000 00948nam a22003017a 4500
003 DO-SdBPM
005 20250822110549.0
007 ta
008 161213b2011 ag ||| 00| 0 spa d
020 _a9789870407553
040 _aDO-SdBPM
_bspa
_cBPMSU
_erda
082 4 _aA863.6
_bF184c 2011
_222
100 1 _aFalconi, María Inés
_d1954-
_eautora
245 1 _aC@ro dice /
_cMaría Inés Falconi ; ilustraciones Karina Maddoni.
250 _a
264 _aBuenos Aires, Argentina :
_bAguilar,
_c2011
300 _a258 páginas :
_bilustraciones ;
_c20 cm.
336 _atexto
_btxt
_2rdacontent
337 _asin mediacion
_bn
_2rdamedia
338 _avolumen
_bnc
_2rdacarrier
490 0 _aAlfaguara juvenil
590 _aInventariado, 2025/VM
650 7 _aNovela juvenil argentina.
650 7 _a Adolescentes en la literatura
700 1 2 _aMaddonni, Karina,
_eil.
910 _aVMateo V. Control de calidad. BPMSU
942 _2ddc
_cBK
999 _c12398
_d12398